000 01030nam0a22002771 4500
001 rc\4106667
005 20130415165624.4
021 _aRU
_b[47-25795]
035 _a(NLR Aleph) 008142602
090 _a9494007
_c9494007
100 _a20130415d1947 |||y0rusy50 ca
101 1 _arus
_cuzb
102 _aRU
105 _ay z |||a|
200 1 _aСталевар
_eПоэма
_fПер. с узб. В. Мильчакова
210 _aТашкент
_cСоюз советских писателей Узбекистана - [Узбек. отд-ние Литфонда СССР]
_d1947
_gТип. "Трансп. рабочий"
215 _a31 с.
_d17
300 _aПеред загл. авт.: Аскад Мухтар
606 _aСталевары (х. л.)
_2psbo
700 1 _aМухтар
_bА.
_f1920-
_gАскад
702 1 _aМильчаков
_bВ. А.
_gВладимир Андреевич
_4730
801 0 _aRU
_bNLR
_gpsbo
801 1 _aRU
_bELAR
_2rusmarc
852 _aNLR
_jЛ40 Г-2/478
942 _cBOOK
980 _aNB